Statistiken für Personen nach Land #3

Klicken Sie hier um das Quiz zu spielen!

Allgemein

  • Dieses Quiz wurde 8.957 mal gespielt
  • Das Durchschnittsergebnis liegt bei 12 aus 24

Antwortstatistiken

PersonLand% Korrekt
Louis ArmstrongVereinigte Staaten
97%
Lorenzo de' MediciItalien
74%
KonfuziusChina
73%
HirohitoJapan
73%
Pablo EscobarKolumbien
71%
Novak DjokovicSerbien
69%
Roald AmundsenNorwegen
62%
Alfred NobelSchweden
62%
Papst Johannes Paul II.Polen
59%
Leo TrotzkiRussland
58%
MohammedSaudi-Arabien
56%
Ban Ki-moonSüdkorea
50%
Hugh JackmanAustralien
49%
Francisco GoyaSpanien
48%
Jean-Paul MaratFrankreich
45%
Eva PerónArgentinien
35%
Frida KahloMexiko
34%
William Butler YeatsIrland
33%
Mario LemieuxKanada
27%
Edmund HillaryNeuseeland
25%
Charlize TheronSüdafrika
24%
Robert MugabeSimbabwe
19%
Manny PacquiaoPhilippinen
17%
Hl. AugustinusAlgerien
7%

Verteilung der Resultate

Perzentil nach korrekt beantworteten Fragen

Anzahl Personen mit jedem Resultat

Ihre Resultats-Entwicklung

Sie haben dieses Quiz noch nicht gespielt